| 000 | 00518nam a2200181Ia 4500 | ||
|---|---|---|---|
| 005 | 20250425162832.0 | ||
| 008 | 250425s9999 xx 000 0 und d | ||
| 020 | _a9781119080701 | ||
| 082 |
_a620.106 _pGER |
||
| 100 | _aGerhart, Philip M. | ||
| 245 | 0 |
_aFundamentals of fluid mechanics _c/ Philip M. Gerhart; Andrew L. Gerhart; John I. Hochstein |
|
| 250 | _a8th ed. | ||
| 260 |
_aHoboken _b: John Wiley _c, 2016 |
||
| 300 | _a777 páginas | ||
| 650 | _aMecánica de fluidos | ||
| 942 | _c01 | ||
| 010 | _a111770 | ||
| 999 |
_c237408 _d237408 |
||